000 00681nam a2200241Ia 4500
003 OSt
005 20220926005502.0
006 a|||||r|||| 00| 0
007 ta
008 220923b |||||||| |||| 00| 0 eng d
037 _cGeneral Book
040 _aRTL
_cRTL
_beng
041 _2eng
_aeng
082 _aY15.2.N7, L7
100 _aGorwaney Naintara
245 0 _aSelf-image and social change
_b A study of female st
260 _a New Delhi
_bSterling
_c1977
300 _aviii,276p
_ccm.
500 _aBibliography: p 250-271
650 _aWoman Sociology
942 _hY15.2.N7, L7
_cGB
_2CC
999 _c613995
_d613995